000 00613nam a2200169 4500
008 021213s1993 us eng
020 _a0802441270
090 _aBS1205.5
_bH83i
100 1 _aHoward, David M.
245 1 0 _aAn introduction to the Old Testament historical books /
_cDavid M. Howard.
260 _aChicago :
_bMoody Press,
_cc1993.
300 _a394 p. :
_bills.
650 4 _aBible. O.T. Historical books
_xCriticism, interpretation, etc.
650 4 _aBible. O.T.
_xLanguage, style.
650 4 _aNarration in the Bible.
951 _p16766
_x00002806
_oBS1205.5/H83i
_j070613111158265
_d2000-12-21
_cGC
999 _c13517
_d13517